[Event "Reykjavik Open 2024"]
[Site "Reykjavik ISL"]
[Date "2024.03.18"]
[Round "6.84"]
[White "Glasschroeder, Maximilian"]
[Black "Gikas, Andreas Basilius"]
[Result "1/2-1/2"]
[WhiteElo "1833"]
[BlackElo "2104"]
[WhiteFideId "34652590"]
[BlackFideId "4623509"]
[EventDate "2024.03.15"]

1. e4 Nf6 2. e5 Nd5 3. f4 d6 4. Nf3 Bg4 5. d4 dxe5 6. fxe5 e6 7. c3 Be7 8. Bd3
O-O 9. O-O c5 10. dxc5 Bxc5+ 11. Kh1 Nc6 12. Qe1 Be7 13. Qg3 Bh5 14. Bg5 Bxf3
15. Bh6 Bxg2+ 16. Kxg2 g6 17. Bxf8 Bxf8 18. Be4 Nxe5 19. Kh1 Bg7 20. Nd2 f5 21.
Bg2 Ng4 22. Rae1 Bh6 23. Nc4 b5 24. Nd6 Nge3 25. Bxd5 exd5 26. Qe5 1/2-1/2

[Event "Reykjavik Open 2024"]
[Site "Reykjavik ISL"]
[Date "2024.03.18"]
[Round "6.85"]
[White "Maack, Kjartan"]
[Black "Pisan, Kai"]
[Result "1/2-1/2"]
[WhiteElo "2102"]
[BlackElo "1897"]
[WhiteFideId "2301806"]
[BlackFideId "39904881"]
[EventDate "2024.03.15"]

1. d4 d5 2. Nc3 Nf6 3. Bf4 e6 4. e3 Bb4 5. Bd3 c5 6. dxc5 Nbd7 7. Ne2 a6 8. a3
Bxc5 9. Bg3 Nh5 10. Nf4 Nxg3 11. hxg3 Nf6 12. Nh5 g6 13. Nxf6+ Qxf6 14. Qe2 Bd7
15. O-O O-O 16. Rfe1 Rfd8 17. e4 Bc6 18. e5 Qg5 19. Kh2 Qh6+ 1/2-1/2

[Event "Reykjavik Open 2024"]
[Site "Reykjavik ISL"]
[Date "2024.03.18"]
[Round "6.86"]
[White "Dhruv Rattan"]
[Black "Reimer, Philip"]
[Result "1-0"]
[WhiteElo "1831"]
[BlackElo "2095"]
[WhiteFideId "45007993"]
[BlackFideId "16235860"]
[EventDate "2024.03.15"]

1. e4 c5 2. Nf3 e6 3. d4 cxd4 4. Nxd4 Nf6 5. Bd3 Nc6 6. Nxc6 bxc6 7. O-O d5 8.
Nc3 Be7 9. Qf3 O-O 10. Bf4 c5 11. Rad1 Bb7 12. Qh3 Qb6 13. e5 Ne4 14. Rfe1 Rfd8
15. b3 g6 16. Bxe4 dxe4 17. Qe3 Qb4 18. h3 Rd4 19. a3 Qb6 20. Ne2 Rd5 21. Rb1
Rad8 22. Qc3 Qc7 23. Ng3 g5 24. Be3 Qxe5 25. Qa5 f5 26. Bc1 c4 27. Qxa7 Rd1 28.
Bb2 Rxe1+ 29. Rxe1 Qd5 30. bxc4 Qc6 31. Qa5 e3 32. f3 Rd2 33. Qe5 Rxg2+ 34. Kh1
Kf8 35. Nxf5 exf5 36. Qg7+ Ke8 37. Rxe3 Qc5 38. Qg8+ Kd7 39. Rd3+ Bd6 40. Kxg2
Qxc4 41. Qxh7+ Kc6 42. Rc3 Qxc3 43. Bxc3 1-0

[Event "Reykjavik Open 2024"]
[Site "Reykjavik ISL"]
[Date "2024.03.18"]
[Round "6.87"]
[White "Vega, Isaac"]
[Black "Payne, Matthew J"]
[Result "0-1"]
[WhiteElo "1818"]
[BlackElo "2077"]
[WhiteFideId "30914035"]
[BlackFideId "417084"]
[EventDate "2024.03.15"]

1. e4 e6 2. d4 d5 3. Nd2 Nf6 4. e5 Nfd7 5. Bd3 c5 6. c3 Nc6 7. Ne2 cxd4 8. cxd4
f6 9. exf6 Nxf6 10. O-O Bd6 11. Nf3 Qc7 12. Bg5 O-O 13. Rc1 Nh5 14. Ng3 Nf4 15.
Bb1 Qf7 16. Qc2 g6 17. Bh6 Re8 18. Rfe1 Bd7 19. Re3 Rac8 20. Qd1 Qf6 21. Ne2
Nxe2+ 22. Rxe2 Bc7 23. Bg5 Qg7 24. Qd2 Ba5 25. Qf4 Bb6 26. Rxc6 Bxc6 27. Bf6 Rf8
28. Rxe6 Bd7 29. Qe5 Rxf6 30. Re7 Rc1+ 31. Ne1 Qxe7 32. Qxe7 Re6 0-1

[Event "Reykjavik Open 2024"]
[Site "Reykjavik ISL"]
[Date "2024.03.18"]
[Round "6.88"]
[White "Jaksland, Tim"]
[Black "Skjoldebrand, Martin"]
[Result "1-0"]
[WhiteTitle "FM"]
[WhiteElo "2076"]
[BlackElo "1884"]
[WhiteFideId "1401084"]
[BlackFideId "1711911"]
[EventDate "2024.03.15"]

1. e4 c5 2. c3 d5 3. exd5 Qxd5 4. d4 Nc6 5. Nf3 Bg4 6. dxc5 Bxf3 7. Qxf3 Qxc5 8.
Be3 Qd6 9. Na3 e5 10. Rd1 Qf6 11. Nb5 Qxf3 12. gxf3 Rc8 13. Bh3 Rd8 14. Nc7+ Ke7
15. Bc5+ Kf6 16. Rxd8 Bxc5 17. Nd5+ Kg6 18. Rd7 Nf6 19. Rg1+ Kh6 20. Nxf6 gxf6
21. Rxb7 Nd8 22. Rc7 Bb6 23. Rc4 Kh5 24. Bg4+ Kh6 25. Bf5 Kh5 26. Rcg4 Ne6 27.
Bxe6 fxe6 28. R1g3 1-0

[Event "Reykjavik Open 2024"]
[Site "Reykjavik ISL"]
[Date "2024.03.18"]
[Round "6.89"]
[White "Wehding, Anton Bonsvig"]
[Black "Arnalds, Stefan"]
[Result "1-0"]
[WhiteElo "2056"]
[BlackElo "1876"]
[WhiteFideId "1463217"]
[BlackFideId "2304821"]
[EventDate "2024.03.15"]

1. c4 Nf6 2. g3 g6 3. Bg2 Bg7 4. Nc3 O-O 5. e4 d6 6. Nge2 c5 7. O-O Nc6 8. d3 a6
9. h3 Rb8 10. a4 Bd7 11. Be3 Nb4 12. Qd2 Ne8 13. b3 e5 14. f4 f6 15. Rf2 Nc7 16.
Raf1 Qe7 17. Nd5 Ncxd5 18. exd5 b5 19. axb5 axb5 20. fxe5 fxe5 21. Bg5 Qe8 22.
Rxf8+ Bxf8 23. Nc3 Bf5 24. Rf3 Qd7 25. g4 Bxd3 26. Rxd3 Nxd3 27. Ne4 Bg7 28.
Qxd3 bxc4 29. Qxc4 Kh8 30. Qa6 h6 31. Bd2 Bf8 32. Qf1 Bg7 33. Qf3 Rf8 34. Qg3
Kh7 35. Qh4 Qb5 36. Ng5+ Kg8 37. Ne6 Qxb3 1-0

[Event "Reykjavik Open 2024"]
[Site "Reykjavik ISL"]
[Date "2024.03.18"]
[Round "6.90"]
[White "Bottema, Martin"]
[Black "Abbott, James"]
[Result "1/2-1/2"]
[WhiteElo "2053"]
[BlackElo "1852"]
[WhiteFideId "1011006"]
[BlackFideId "2078082"]
[EventDate "2024.03.15"]

1. c4 g6 2. Nf3 c5 3. g3 Bg7 4. Bg2 Nc6 5. Nc3 Nf6 6. d4 cxd4 7. Nxd4 O-O 8. O-O
a6 9. c5 Qa5 10. Nb3 Qd8 11. Bf4 b5 12. cxb6 Qxb6 13. Be3 Qd8 14. Nd4 Ng4 15.
Nxc6 dxc6 16. Qxd8 Rxd8 17. Bb6 Rd2 18. Rad1 Rxd1 19. Rxd1 Be6 20. Bxc6 Rf8 21.
Bd4 Ne5 22. Bb7 Rb8 23. Bxa6 1/2-1/2

[Event "Reykjavik Open 2024"]
[Site "Reykjavik ISL"]
[Date "2024.03.18"]
[Round "6.91"]
[White "Vollmar, Timo"]
[Black "Paasikangas, Johanna"]
[Result "0-1"]
[BlackTitle "FM"]
[WhiteElo "1809"]
[BlackElo "2046"]
[WhiteFideId "16253582"]
[BlackFideId "500879"]
[EventDate "2024.03.15"]

1. e4 c5 2. c3 Nf6 3. e5 Nd5 4. d4 e6 5. Nf3 d6 6. Bd3 Nc6 7. O-O Be7 8. exd6
Qxd6 9. Nbd2 cxd4 10. cxd4 O-O 11. Ne4 Qc7 12. Be3 Nxe3 13. fxe3 Qb6 14. Qe2 h6
15. Rac1 Nb4 16. Bc4 Bd7 17. Ne5 Rad8 18. Qh5 Be8 19. Qh3 Nd5 20. Bb3 a5 21. Rf3
f5 22. Nc3 Nxc3 23. bxc3 a4 24. Bc4 Kh8 25. e4 Bf6 26. Kh1 Bxe5 27. dxe5 Bc6 28.
Rg3 Bxe4 29. Rg6 Qc7 30. Rxe6 Kh7 31. Bb5 Bd5 32. Rd6 Rxd6 33. exd6 Qxd6 34. c4
Be4 35. Qc3 f4 36. Bxa4 f3 37. Qe3 Qg6 38. Qxe4 Qxe4 39. Bc2 fxg2+ 0-1

[Event "Reykjavik Open 2024"]
[Site "Reykjavik ISL"]
[Date "2024.03.18"]
[Round "6.93"]
[White "Oskarsson, Markus Orri"]
[Black "Heidarsson, Arnar Milutin"]
[Result "0-1"]
[WhiteElo "1816"]
[BlackElo "2037"]
[WhiteFideId "2320118"]
[BlackFideId "2312875"]
[EventDate "2024.03.15"]

1. d4 Nf6 2. Nc3 d5 3. Bf4 a6 4. e3 e6 5. g4 c5 6. g5 Nfd7 7. Qg4 Nc6 8. Nge2
Qa5 9. Qg3 cxd4 10. exd4 e5 11. Qe3 Be7 12. dxe5 Bc5 13. Qd2 Ndxe5 14. Bg2 Nc4
15. Qxd5 Be6 16. Qe4 Bb4 17. O-O O-O 18. a3 Bxc3 19. Nxc3 Nxb2 20. Nd5 Rad8 21.
Nb4 Nd4 22. Be3 Ne2+ 23. Kh1 Rd7 24. Qh4 Nc4 25. Be4 g6 26. Bd3 Bd5+ 27. Nxd5
Qxd5+ 28. Qe4 Qxe4+ 29. Bxe4 Re8 30. Bd3 Nxe3 31. fxe3 Rxe3 32. Rf2 Nd4 33. Raf1
Ne6 34. h4 Rh3+ 35. Rh2 Rxh2+ 36. Kxh2 Rd4 37. Kg3 Ng7 38. Rb1 b5 39. Re1 Nh5+
40. Kf2 Rxh4 41. Re4 Rh3 42. a4 bxa4 43. Rxa4 Ng7 44. Rxa6 Ne6 45. Be2 Nxg5 46.
c4 Rc3 47. Ra8+ Kg7 48. Re8 f5 49. Re3 Nh3+ 50. Kf3 Ng1+ 0-1

[Event "Reykjavik Open 2024"]
[Site "Reykjavik ISL"]
[Date "2024.03.18"]
[Round "6.94"]
[White "Alic, Miran"]
[Black "Owen, Garth I"]
[Result "1-0"]
[WhiteElo "2033"]
[BlackElo "1834"]
[WhiteFideId "24605425"]
[BlackFideId "10700382"]
[EventDate "2024.03.15"]

1. d4 Nf6 2. Nf3 g6 3. g3 Bg7 4. Bg2 O-O 5. O-O d6 6. b3 c6 7. Bb2 Re8 8. Qc1
Bd7 9. Re1 Qc8 10. e4 Ng4 11. h3 Nh6 12. Kh2 e5 13. dxe5 dxe5 14. Nbd2 f6 15.
Nc4 Nf7 16. a4 Be6 17. Bf1 Rd8 18. Qe3 b5 19. axb5 cxb5 20. Nb6 axb6 21. Rxa8
Qxc2 22. Qxb6 Bf8 23. Qxe6 Qxf2+ 24. Bg2 Rd6 25. Qe8 Ng5 26. Nxg5 fxg5 27. Rf1 1-0

[Event "Reykjavik Open 2024"]
[Site "Reykjavik ISL"]
[Date "2024.03.18"]
[Round "6.95"]
[White "Potter, Alexander"]
[Black "Kolka, David"]
[Result "1-0"]
[WhiteElo "1782"]
[BlackElo "2030"]
[WhiteFideId "343422594"]
[BlackFideId "2308010"]
[EventDate "2024.03.15"]

1. e4 c6 2. d4 d5 3. e5 c5 4. dxc5 Nc6 5. f4 Bf5 6. Be3 e6 7. Nf3 Bg4 8. c3 Nge7
9. Bb5 Bxf3 10. Qxf3 Nf5 11. Bf2 h5 12. O-O a6 13. Ba4 Qa5 14. Bxc6+ bxc6 15. b4
Qd8 16. a4 g5 17. fxg5 Qxg5 18. h4 Qg6 19. Nd2 Be7 20. Nc4 Rg8 21. Nd6+ Bxd6 22.
exd6 Qg4 23. Qxg4 Rxg4 24. b5 O-O-O 25. bxc6 Nxd6 26. cxd6 Rxd6 27. Bd4 f5 28.
Be5 Rxc6 29. Rf4 Rxf4 30. Bxf4 Rxc3 31. Rc1 Rxc1+ 32. Bxc1 e5 33. Kf2 Kc7 34.
Ke3 Kb6 35. Bb2 d4+ 36. Bxd4+ exd4+ 37. Kxd4 Ka5 38. Ke5 Kxa4 39. Kxf5 Kb5 40.
g4 hxg4 41. Kxg4 1-0

[Event "Reykjavik Open 2024"]
[Site "Reykjavik ISL"]
[Date "2024.03.18"]
[Round "6.96"]
[White "Phan, Stefanus Kf"]
[Black "Chilton, James I"]
[Result "1-0"]
[WhiteElo "2019"]
[BlackElo "1823"]
[WhiteFideId "5806283"]
[BlackFideId "423009"]
[EventDate "2024.03.15"]

1. Nf3 d5 2. c4 d4 3. e3 c5 4. b4 dxe3 5. fxe3 cxb4 6. a3 bxa3 7. Bxa3 g6 8. Qb3
Nf6 9. Nc3 Bg7 10. Rc1 O-O 11. Be2 Re8 12. O-O e5 13. Nb5 e4 14. Nfd4 Nc6 15.
Nxc6 bxc6 16. Nd6 Re5 17. c5 Be6 18. Qa4 Bd5 19. Ba6 Rb8 20. Rb1 Re7 21. Bb2 Bb3
22. Qa1 Re6 23. Bd4 Nh5 24. Bxg7 Rxd6 25. cxd6 Nxg7 26. Qe5 Be6 27. Rxb8 Qxb8
28. d7 Qd8 29. Rb1 Qxd7 30. Rb7 f6 31. Qxf6 Ne8 32. Qh4 Nc7 33. Qf4 Nd5 34. Rb8+
Qc8 35. Rxc8+ Bxc8 36. Qb8 1-0

[Event "Reykjavik Open 2024"]
[Site "Reykjavik ISL"]
[Date "2024.03.18"]
[Round "6.97"]
[White "Bik, Wouter"]
[Black "Gilsson, Asmund"]
[Result "1-0"]
[WhiteElo "1998"]
[BlackElo "1821"]
[WhiteFideId "1037749"]
[BlackFideId "1541242"]
[EventDate "2024.03.15"]

1. g3 d5 2. Bg2 Nf6 3. c4 c6 4. d4 Bg4 5. Nf3 Bxf3 6. Bxf3 e6 7. b3 Bb4+ 8. Bd2
Qa5 9. a3 Bxd2+ 10. Nxd2 Nbd7 11. O-O O-O 12. b4 Qb6 13. c5 Qc7 14. Qb3 Rad8 15.
b5 Rfe8 16. a4 e5 17. e3 e4 18. Bg2 h5 19. Rfb1 Rb8 20. Qc3 h4 21. a5 a6 22.
bxa6 bxa6 23. Rb6 Nxb6 24. axb6 Qc8 25. Bf1 hxg3 26. hxg3 Qf5 27. Be2 Re6 28.
Qc2 Ng4 29. Bxg4 Qxg4 30. Qd1 Qf5 31. Qf1 Rh6 32. Qg2 Qg4 33. Nf1 g6 34. Nh2 Qe2
35. g4 g5 36. Qg3 Re8 37. b7 Qb2 38. Rxa6 Qxb7 39. Rb6 Qd7 40. Rb8 Kg7 41. Rxe8
Qxe8 42. Kg2 Qe6 43. Kf1 Rh4 44. Kg2 Kg6 45. Qb8 Rxg4+ 46. Nxg4 Qxg4+ 47. Kf1
Qd1+ 48. Kg2 Qf3+ 49. Kg1 Qf6 50. Kg2 Qe6 51. Qg8+ Kf5 52. Qh7+ Qg6 53. Qh8 Qf6
54. Qh3+ Kg6 55. Qc8 Kg7 56. Qd7 Qe6 57. Qc7 Kg6 58. Qb8 f6 59. Qf8 g4 60. Kg3
f5 61. Qd8 Kf7 62. Qc7+ Kf6 63. Qd8+ Kg6 64. Kf4 Kf7 65. Qg5 Ke8 66. Qxf5 Qh6+
67. Kxg4 Qg7+ 68. Kf4 Qh6+ 69. Kg4 Qg7+ 70. Kh5 Ke7 71. Qg5+ Qf6 72. Kg4 Qxg5+
73. Kxg5 Kf7 74. Kf5 Ke7 75. Ke5 Kd7 76. Kf6 Kd8 77. Ke6 Kc7 78. Ke7 Kc8 79. Kd6
Kb7 80. Kd7 1-0

[Event "Reykjavik Open 2024"]
[Site "Reykjavik ISL"]
[Date "2024.03.18"]
[Round "6.98"]
[White "Frank, Anton 2006"]
[Black "Petersen, Elias"]
[Result "1-0"]
[WhiteElo "1996"]
[BlackElo "1808"]
[WhiteFideId "1752383"]
[BlackFideId "7202725"]
[EventDate "2024.03.15"]

1. d4 d5 2. Nc3 c6 3. Bf4 Nf6 4. e3 Bf5 5. Nf3 e6 6. Ne5 h5 7. Bd3 Bxd3 8. cxd3
Nbd7 9. O-O Be7 10. Rb1 O-O 11. e4 dxe4 12. dxe4 g6 13. Qc2 c5 14. Rfd1 cxd4 15.
Rxd4 Bc5 16. Rxd7 Nxd7 17. Rd1 Qf6 18. Nxd7 Qxf4 19. Nxc5 Rfd8 20. Nxb7 Rxd1+
21. Nxd1 Rb8 22. Nc5 Rc8 23. b4 a5 24. a3 axb4 25. axb4 Qd6 26. Nb2 Qd4 27. Nbd3
Ra8 28. g3 g5 29. Qb2 Qd8 30. Qe5 Ra3 31. Kg2 Kh7 32. h4 f6 33. Qxe6 g4 34. Qf7+
Kh6 35. Nf4 Qd1 36. Qg6# 1-0

[Event "Reykjavik Open 2024"]
[Site "Reykjavik ISL"]
[Date "2024.03.18"]
[Round "6.99"]
[White "Hu, Zhening"]
[Black "Anishka, Vikram"]
[Result "1/2-1/2"]
[BlackTitle "WCM"]
[WhiteElo "1776"]
[BlackElo "1995"]
[WhiteFideId "8622795"]
[BlackFideId "45013314"]
[EventDate "2024.03.15"]

1. e4 c5 2. Nf3 d6 3. c3 Nf6 4. Be2 g6 5. O-O Bg7 6. Bb5+ Bd7 7. Bxd7+ Qxd7 8.
Re1 O-O 9. d4 Nc6 10. Bg5 Rfd8 11. Nbd2 cxd4 12. cxd4 h6 13. Bf4 g5 14. Be3 Ng4
15. Nf1 Nxe3 16. Nxe3 g4 17. Nh4 Nxd4 18. Nhf5 Nxf5 19. Nxf5 Kh7 20. Qxg4 Rg8
21. Rad1 Qe6 22. Qh4 Qf6 23. Qh3 Rac8 24. Qd3 Bf8 25. Re3 Qxb2 26. e5 Qc2 27.
exd6 Qxd3 28. Rexd3 exd6 29. Nxd6 Bxd6 30. Rxd6 Rc7 31. g3 Rgc8 32. Kg2 b6 33.
Rd7 Kg7 34. R1d4 Rxd7 35. Rxd7 a5 36. Rb7 Rc2 37. Rxb6 Rxa2 38. Ra6 Ra3 39. h3
f6 40. Ra8 a4 41. Ra5 Kf7 42. Ra6 1/2-1/2

[Event "Reykjavik Open 2024"]
[Site "Reykjavik ISL"]
[Date "2024.03.18"]
[Round "6.100"]
[White "Brade, Henry"]
[Black "Andersen, Lars Christoff"]
[Result "0-1"]
[WhiteElo "1771"]
[BlackElo "1993"]
[WhiteFideId "519456"]
[BlackFideId "1412760"]
[EventDate "2024.03.15"]

1. d4 e6 2. Nc3 d5 3. Bf4 Nf6 4. Nb5 Na6 5. e3 c6 6. Nc3 Be7 7. Bxa6 bxa6 8. Nf3
O-O 9. Ne5 Bb7 10. O-O c5 11. Re1 Rc8 12. h4 Ne8 13. h5 f6 14. Ng4 Nd6 15. dxc5
Rxc5 16. h6 g6 17. Bh2 Rc4 18. Qe2 Qc8 19. f3 Nb5 20. Nxb5 axb5 21. Rac1 Qc5 22.
b3 Rc3 23. Nf2 Rc8 24. Nd3 Qb6 25. Bg3 Ba3 26. b4 Bxc1 27. Rxc1 a5 28. bxa5 Qc6
29. a4 bxa4 30. Nb4 Qc5 31. a6 Qxb4 32. Be1 Ba8 33. Bxc3 Qxc3 34. Kh1 Qb2 35.
Re1 Rxc2 36. Qf1 Qb4 37. e4 Qd2 38. exd5 Qxh6+ 39. Kg1 Bxd5 40. Qb5 a3 41. a7
Qd2 42. Qf1 Qd4+ 43. Kh1 Qxa7 44. Qd3 Qf2 0-1

[Event "Reykjavik Open 2024"]
[Site "Reykjavik ISL"]
[Date "2024.03.18"]
[Round "6.101"]
[White "Larson, Gerald"]
[Black "Kononova, Alina"]
[Result "1/2-1/2"]
[WhiteElo "1987"]
[BlackElo "1807"]
[WhiteFideId "2018756"]
[BlackFideId "14137593"]
[EventDate "2024.03.15"]

1. e4 e5 2. Nf3 Nc6 3. Bb5 Nf6 4. O-O d6 5. d4 exd4 6. Nxd4 Bd7 7. Nc3 Be7 8. b3
O-O 9. Bxc6 bxc6 10. Bb2 c5 11. Nde2 Re8 12. Qd2 Bf8 13. Ng3 c6 14. Rad1 Be6 15.
Qf4 d5 16. Na4 d4 17. c3 Bd6 18. Qc1 Bxg3 19. hxg3 Nxe4 20. Qf4 Qb8 21. cxd4
Qxf4 22. gxf4 c4 23. Rfe1 Bd5 24. b4 c3 25. Nxc3 Nxc3 26. Bxc3 Bxa2 27. Re5 Bd5
28. Ra1 Kf8 29. Kf1 f6 30. Re3 g6 31. g3 f5 32. Ke2 Re4 33. Ra5 a6 34. Kd2 Ke7
35. Bb2 Kd7 36. Rea3 Bc4 37. Re5 Re8 38. Re3 Bd5 39. Bc3 Rxe3 40. Kxe3 Rb8 41.
Be1 Rh8 42. f3 Rb8 43. Kf2 Re8 44. Ke3 Re6 45. Bc3 Re8 46. Be1 Re6 47. Bc3 1/2-1/2

[Event "Reykjavik Open 2024"]
[Site "Reykjavik ISL"]
[Date "2024.03.18"]
[Round "6.102"]
[White "Tan, Chong Hien Andrew"]
[Black "Grigoriev, Dmitriy"]
[Result "1-0"]
[WhiteElo "1762"]
[BlackElo "1986"]
[WhiteFideId "5807794"]
[BlackFideId "34181676"]
[EventDate "2024.03.15"]

1. c4 e5 2. g3 Nf6 3. Bg2 c6 4. Nf3 e4 5. Nd4 Qb6 6. Nb3 a5 7. d3 a4 8. N3d2 Bc5
9. O-O e3 10. fxe3 Bxe3+ 11. Kh1 Ng4 12. Ne4 O-O 13. Nbc3 d5 14. cxd5 Bxc1 15.
Qxc1 Ne3 16. dxc6 Nxf1 17. Nd5 Qd4 18. c7 Nxg3+ 19. hxg3 Nc6 20. Qc3 Ra6 21. e3
Qxc3 22. bxc3 Ne5 23. d4 Nc4 24. Rb1 f5 25. Nc5 Rh6+ 26. Kg1 Nd6 27. Nxa4 b5 28.
Nab6 Kf7 29. a4 bxa4 30. Nxa4 Nb7 31. Nab6 Nd6 32. c4 Be6 33. c5 Nc8 34. Nf4 1-0

[Event "Reykjavik Open 2024"]
[Site "Reykjavik ISL"]
[Date "2024.03.18"]
[Round "6.103"]
[White "Banta, Robert Lance"]
[Black "Petursson, Gudni"]
[Result "1/2-1/2"]
[WhiteElo "1755"]
[BlackElo "1983"]
[WhiteFideId "39908682"]
[BlackFideId "2301725"]
[EventDate "2024.03.15"]

1. c4 e5 2. Nc3 Nf6 3. g3 g6 4. Bg2 Bg7 5. e4 O-O 6. Nge2 d6 7. d3 c6 8. O-O a5
9. h3 Na6 10. Be3 Be6 11. a3 d5 12. cxd5 cxd5 13. exd5 Nxd5 14. Qd2 Nxe3 15.
Qxe3 Qd7 16. Kh2 Rab8 17. Rad1 Rfe8 18. Ne4 Rbd8 19. Rd2 Bd5 20. N2c3 Bc6 21.
Rfd1 Qe7 22. Re2 Rd4 23. Nd2 Bxg2 24. Kxg2 Rdd8 25. Nc4 Qc7 26. Kh2 Nb8 27. Nb5
Qc6 28. a4 e4 29. Nxa5 Qd7 30. d4 Nc6 31. Nb3 Nb4 32. Nc5 Qc6 33. Rc1 Nd5 34.
Qd2 Nf6 35. Qc2 1/2-1/2

[Event "Reykjavik Open 2024"]
[Site "Reykjavik ISL"]
[Date "2024.03.18"]
[Round "6.104"]
[White "Acarbay, Algi"]
[Black "Cooper, Malcolm H"]
[Result "1-0"]
[WhiteElo "1981"]
[BlackElo "1804"]
[WhiteFideId "6303692"]
[BlackFideId "469580"]
[EventDate "2024.03.15"]

1. e4 c5 2. Nf3 Nc6 3. Bb5 e6 4. Bxc6 dxc6 5. d3 Ne7 6. a4 Qc7 7. Be3 Ng6 8.
Nbd2 b6 9. Nc4 Ba6 10. Nfd2 Bxc4 11. Nxc4 Be7 12. O-O e5 13. Qh5 O-O 14. g3 b5
15. Nd2 Qd7 16. f4 Rfb8 17. fxe5 c4 18. d4 Qe6 19. Qf5 a6 20. Qxe6 fxe6 21. c3
Rf8 22. Rfd1 Rfd8 23. Ra2 Kf7 24. Rda1 Rac8 25. axb5 axb5 26. Ra7 Nf8 27. Nf3
Ke8 28. Rb7 Rd7 29. Rxd7 Kxd7 30. Ra7+ Rc7 31. Ra8 Rc8 32. Ra7+ Rc7 33. Ra6 Rc8
34. Kf2 Rc7 35. Ke2 Rb7 36. Kd2 Rc7 37. Ra8 Rc8 38. Ra7+ Rc7 39. Ra6 Rc8 40. h3
Rc7 41. h4 h6 42. Kc2 Ke8 43. h5 Kd7 44. Bf4 Rb7 45. Ra8 Bd8 46. g4 Be7 47. g5
hxg5 48. Bxg5 Bxg5 49. Nxg5 Ke7 50. Rc8 Ra7 51. Kb1 Rb7 52. Rxc6 Kd7 53. Ra6 Ke7
54. d5 exd5 55. exd5 Nd7 56. d6+ Ke8 57. e6 Nb6 58. Ra5 1-0

[Event "Reykjavik Open 2024"]
[Site "Reykjavik ISL"]
[Date "2024.03.18"]
[Round "6.105"]
[White "Mork, Peter"]
[Black "Heppert, Lars"]
[Result "0-1"]
[WhiteElo "1755"]
[BlackElo "1981"]
[WhiteFideId "1580604"]
[BlackFideId "24668575"]
[EventDate "2024.03.15"]

1. e4 c5 2. Nc3 g6 3. g3 Bg7 4. Bg2 Nc6 5. d3 e6 6. Be3 d6 7. Qd2 Rb8 8. Nge2 b5
9. d4 b4 10. Nd1 cxd4 11. Nxd4 Ne5 12. Qe2 Qa5 13. Nb3 Qa4 14. Bf1 Bd7 15. Qa6
Nf3+ 0-1

[Event "Reykjavik Open 2024"]
[Site "Reykjavik ISL"]
[Date "2024.03.18"]
[Round "6.106"]
[White "Mensing, Adrian"]
[Black "Visser, Wouter"]
[Result "1-0"]
[WhiteElo "1980"]
[BlackElo "1789"]
[WhiteFideId "1043293"]
[BlackFideId "1082566"]
[EventDate "2024.03.15"]

1. d4 Nf6 2. c4 c5 3. d5 b5 4. cxb5 a6 5. bxa6 Bxa6 6. Nc3 d6 7. g3 g6 8. Bg2
Bg7 9. Nf3 Nbd7 10. Rb1 O-O 11. O-O Qb6 12. b3 Rfb8 13. Qc2 Qa5 14. Bd2 Qa3 15.
Bc1 Qa5 16. Rd1 c4 17. Nd4 cxb3 18. axb3 Bb7 19. Nc6 Bxc6 20. dxc6 Rc8 21. b4
Qe5 22. Bf4 1-0

[Event "Reykjavik Open 2024"]
[Site "Reykjavik ISL"]
[Date "2024.03.18"]
[Round "6.107"]
[White "Field, Lila Quinn"]
[Black "Omarsson, Adam"]
[Result "0-1"]
[WhiteElo "1747"]
[BlackElo "1976"]
[WhiteFideId "30941334"]
[BlackFideId "2311453"]
[EventDate "2024.03.15"]

1. e4 c5 2. Nf3 d6 3. d4 cxd4 4. Nxd4 Nf6 5. Nc3 a6 6. Be2 e5 7. Nb3 Be6 8. f4
Be7 9. f5 Bc8 10. Be3 b5 11. Nd5 Nbd7 12. Bg5 h6 13. Bxf6 Bxf6 14. Qd3 O-O 15.
O-O-O Bb7 16. Nxf6+ Nxf6 17. Bf3 Rc8 18. g4 Nxg4 19. Bxg4 Qg5+ 20. Nd2 Qxg4 21.
Rhg1 Qh4 22. Qxd6 Bxe4 23. Rxg7+ Kxg7 24. Qxe5+ f6 25. Qe7+ Kh8 26. Qxe4 Qxe4
27. Nxe4 Rc4 28. Ng3 Rfc8 29. Rd2 b4 30. b3 Rf4 31. Kd1 h5 32. Rd5 Rc6 33. Nxh5
Rh4 34. Ng3 Rxh2 35. Rd2 Rh3 36. Rd3 Rc5 37. Rd8+ Kg7 38. Rd3 Ra5 39. Rd7+ Kh6
40. Ne4 Rxf5 41. Rd8 Re3 42. Nd6 Rd5+ 43. Kc1 Re1+ 44. Kb2 Kg6 45. Nb7 Rxd8 46.
Nxd8 f5 47. Nc6 Re4 0-1

[Event "Reykjavik Open 2024"]
[Site "Reykjavik ISL"]
[Date "2024.03.18"]
[Round "6.108"]
[White "Niebler, Paul"]
[Black "Opasiak, Dustin Tennessee"]
[Result "1-0"]
[WhiteElo "1955"]
[BlackElo "1785"]
[WhiteFideId "12902730"]
[BlackFideId "24630217"]
[EventDate "2024.03.15"]

1. e4 e6 2. d4 d5 3. e5 c5 4. c3 Nc6 5. Nf3 Nh6 6. Bxh6 gxh6 7. Qd2 Bd7 8. dxc5
Bxc5 9. Bd3 f5 10. Qxh6 Bxf2+ 11. Kxf2 Qb6+ 12. Qe3 Qxb2+ 13. Nbd2 Qxc3 14. Rhc1
Qb4 15. Rab1 Qg4 16. Rxb7 Rg8 17. Bf1 Rd8 18. Qc5 d4 19. Rxd7 Rxd7 20. Qxc6 Ke7
21. Kg1 Qf4 22. Kh1 h5 23. Bb5 1-0

[Event "Reykjavik Open 2024"]
[Site "Reykjavik ISL"]
[Date "2024.03.18"]
[Round "6.109"]
[White "Thorsteinsdottir, Hallgerdur"]
[Black "Wallasch, Stefan"]
[Result "1/2-1/2"]
[WhiteTitle "WFM"]
[WhiteElo "1953"]
[BlackElo "1777"]
[WhiteFideId "2302454"]
[BlackFideId "34646043"]
[EventDate "2024.03.15"]

1. e4 d5 2. exd5 Qxd5 3. Nc3 Qd8 4. d4 Nf6 5. Nf3 Bg4 6. h3 Bxf3 7. Qxf3 c6 8.
Be3 e6 9. O-O-O Bb4 10. Ne4 Nxe4 11. Qxe4 Qd5 12. Qxd5 cxd5 13. Rd3 Nc6 14. Rb3
O-O-O 15. Bb5 Bd6 16. Rd1 a6 17. Be2 Na5 18. Rc3+ Kb8 19. Bh5 Rd7 20. Bg5 Rc8
21. Rxc8+ Kxc8 22. Rd3 Rc7 23. Bd2 Nc6 24. a3 g6 25. Be2 Kd7 26. h4 h5 27. Bg5
Rc8 28. Kd1 Na5 29. Bf6 Rc6 30. Rf3 Ke8 31. Bg5 Nc4 32. Bxc4 Rxc4 33. Bf6 1/2-1/2